Reglamentos y Documentos

Sparad:
Bibliografiska uppgifter
Institutionell upphovsman: Universidad Nacional Autónoma de Honduras
Materialtyp: Text
Publicerad: Tegucigalpa: UNAH
Taggar: Lägg till en tagg
Inga taggar, Lägg till första taggen!

MARC

LEADER 00000 a a2200000 04500
001 22150
003
040 |a CRAI/IIS  |c CRAI/IIS 
090 |a 150000  
110 |a Universidad Nacional Autónoma de Honduras  
245 |a Reglamentos y Documentos  
260 |a Tegucigalpa:   |b UNAH  
300 |a 83 p.  
999 |c 7831  |d 7831